00398nam a2200157 a 4500008004100000020001500041050001400056100001500070245004800085260003300133300001600166350000900182650001400191700001900205700001600224120416s1978 ||||||||||||||||| || u a0091331110 aHM 51 Eli aMennell, S10aWhat is sociologyctranslated by S. Mennell aLondonbHutchison & Coc1978 a187p. : ill a0.00 0aSOCIOLOGY aElias, Norbert aMorrisey, G